00980nam a2200169 a 450000100060000000300090000600800410001504000280005608200170008410000280010124500300012926000420015930000080020150505530020965000210076265000270078322639CO-ViMGA141112s2004 ck r 000 u spa d aCO-ViMGAbspacCO-ViMGA04a345.71 W157a1 aWalters Pomare, Jimenez10aLa accion reivindicatoria aMedellin : bSeñal editores, c2002 a160 aCosas y bienes : Cosa, bienes, utilidad entre cosas y bienes, clasificacion de los bienes, inmuebles por naturaleza 9 - 22 - - La poseción : Concepto, elementos, su origen, fundamentos de su proteccion, como puede adquirir la posesion, ventajas de la posesion, quienes nos pueden poseer, interrupcion La mera tenencia : Concepto, caracteristicas de la mera tenencia 37 - 39 - - Derechos reales : Introduccion, elementos, clasificacion, derechos reales y derechos personales 41 - 46 - - Accion reivindicatoria del heredero contra tercero 91 - 92 14aACCION (DERECHO)14aACCION REIVINDICATORIA